000 00965nam a2200289 a 4500
001 000039879
003 DO-SdBNP
005 20220527092706.0
008 130726s2013 dr 000 0 spa d
020 _a9789945475654
040 _aDO-SdBNP
_bspa
_cBNPHU
082 4 _a986.6
_bN964e, 2013
100 1 _aNúñez Sánchez, Jorge
_913245
245 1 3 _aEl Ecuador en la historia /
_cJorge Núñez Sánchez.
250 _a4a. ed.
260 _aSanto Domingo :
_bNacional,
_c2013.
300 _a446 p. ;
_c24 cm.
500 _aIncluye datos biográficos del autor en las solapas
500 _aIncluye referencias bibliográficas y notas al pie de las páginas
504 _aBibliografía : p. 433-446
590 _aInventariado, 2022/MFF
651 4 _aEcuador
_xHistoria
_94781
651 4 _aEcuador
_xCondiciones económicos
_981632
651 4 _aEcuador
_xCondiciones sociales
_930372
910 _aValidado. Control de calidad MFF
942 _2ddc
_cLBS1
999 _c39369
_d39369